Harry Potter Character by Dissertation Title Quiz Stats

 Plays Quiz Updated Apr 2, 2018

Score 0/20 Timer 05:00
20 Plays Today
% Correct
Ginny Weasley
91.9%
Garrick Ollivander
90.9%
Remus Lupin
89.1%
Harry Potter
88.6%
Rubeus Hagrid
87%
Argus Filch
85.5%
Tom Riddle
84.6%
Gilderoy Lockhart
82.1%
Pomona Sprout
81.3%
Fawkes the Phoenix
81.1%
% Correct
Dobby the House Elf
80.4%
Beedle the Bard
77.7%
Firenze
76.5%
Mundungus Fletcher
76.1%
Sirius Black
75.8%
Marge Dursley
75.6%
Cuthbert Binns
71%
Albus Dumbledore
70.1%
Seamus Finnigan
69.7%
Aberforth Dumbledore
64.9%

You're not logged in!

Compare scores with friends on all Sporcle quizzes.
OR
Log In

Sporcle TV

Today on Sporcle TV


Watch our educational content, quiz creation guides, and fun videos on Sporcle TV.

Show Comments

Extras

Top Quizzes Today


Score Distribution

Your Account Isn't Verified!

In order to create a playlist on Sporcle, you need to verify the email address you used during registration. Go to your Sporcle Settings to finish the process.

Report this User

Report this user for behavior that violates our Community Guidelines.

Details: